| Поле | Инд. | ПП | Название | Значение |
|---|---|---|---|---|
| Тип записи | a | |||
| Библиографический уровень | b | |||
| 001 | Контрольный номер | 381e980a745f4d819943f52ca682861a | ||
| 005 | Дата корректировки | 20210828074241.9 | ||
| 024 | 80 | a | Стандартный номер | DOI: 10.1016/j.geodrs.2015.11.002 |
| 040 | a | Служба первич. каталог. | РИНЦ | |
| 041 | 0_ | a | Код языка текста | eng |
| 084 | a | Индекс другой классификации/Индекс ББК | 40.38 | |
| 097 | a | Ануфриева Г.Ю. | ||
| 097 | a | Спаскова Н.О. | ||
| 100 | 1_ | a | Автор | Krasilnikov P. |
| 100 | 1_ | a | Автор | Makarov O. |
| q | Полное имя | Макаров Олег Анатольевич | ||
| u | Дополнение | Макаров О. А. | ||
| g | Прочие сведения | РИНЦ AuthorID: 131155 (http://elibrary.ru/author_profile.asp?id= 131155); SPIN-код: 3281-3753 (http://elibrary.ru/author_items.asp?authorid=131155); ResearcherID: B-4110-2013 (http://www.researcherid.com/rid/B-4110-2013) | ||
| g | Прочие сведения | SPIN-код: 3281-3753 | ||
| c | Титул (звания) | профессор; доктор биологических наук | ||
| i | 000090738 | |||
| k | Кафедра экологии и наук о Земле; Факультет естественных и инженерных наук | |||
| 100 | 1_ | a | Автор | Alyabina I. |
| 100 | 1_ | a | Автор | Nachtergaele F. |
| 245 | 10 | a | Заглавие | Assessing Soil Degradation in Northern Eurasia |
| 550 | a | Прим. об изд. организации | Факультет естественных и инженерных наук | |
| a | Прим. об изд. организации | Кафедра экологии и наук о Земле | ||
| 650 | 04 | a | Основная рубрика | экология; экология почв |
| 773 | 18 | t | Название источника | Geoderma Regional |
| b | Сведения об издании | Elsevier | ||
| d | Место и дата издания | 2016 | ||
| m | Специф. данные | входит в Scopus | ||
| m | Специф. данные | входит в ядро РИНЦ | ||
| m | Специф. данные | зарубежный журнал | ||
| n | Примечание | http://elibrary.ru/title_about.asp?id=56042 | ||
| g | Прочая информация | V. 7. - № 1. - P. 1 - 10 | ||
| w | Контрольный № источника | 0 | ||
| 856 | 40 | u | URL | http://elibrary.ru/item.asp?id=26923203 |
| 901 | t | Тип документа | b | |
| 952 | c | Вид литературы | статья в журнале |